Statistics for Thewinningflash Quizzes 4

Click here to take the quiz!

General Stats

  • This quiz has been taken 3 times
  • The average score is 9 of 10

Answer Stats

QuestionAnswer% Correct
What roblox egg hunt was everyone’s favourite2018
100%
How Many Countries start with South3
100%
What’s the biggest country in OceaniaAustralia
100%
What fast food chain has a whopper songBurger King
100%
What Day Is A Leap YearFebruary 29th
100%
What is the most populated countryIndia
100%
What Website is this quiz onJetpunk
100%
Smallest Country In OceaniaNauru
67%
What Roblox Big Event is run by Russo,Dj and SabrinaRB Battles
67%
Who Won BFDIFirey
33%

Score Distribution

Percentile by Number Answered

Percent of People with Each Score

Your Score History

You have not taken this quiz